[Event "Turnier 40 / 120"]
[Site "Wien"]
[Date "2024.10.01"]
[Round "14"]
[White "Mephisto Berlin 68000"]
[Black "Fidelity Designer 2325"]
[Result "1-0"]
[BlackElo "2114"]
[WhiteElo "2128"]

{Analyse: -----> Stockfish 16} 1. d4 d6 2. e4 Nf6 3. Nc3 g6 4. Nf3 Bg7 5.
Be2 O-O 6. O-O c6 {Buchende} 7. h3 Nbd7 {Buchbewertung Fidelity Designer
2325: -0,19} 8. e5 dxe5 9. dxe5 Nd5 10. Nxd5 cxd5 11. Bf4 {Buchende} Nb6?
{deutlich besser ist Dc7, Stockfish -1,00} 12. Qd2 {Buchbewertung Mephisto
Berlin 68000: -0,09 / besser ist Te1, Stockfish +0,60} f6? {ein ganz
schlechter Zug, danach steht Weiss bereits klar besser, Stockfish -1,60,
nötig ist Sc4} 13. exf6 Bxf6 14. c3 {lt. Stockfish ist hier b3 ! stärker,
der Turm a1 kann geopfert wertden, aber gut, wer soll auf das kommen,
Stockfish +1,00} Bd7? {lt. Stockfish bereits ein Verlustzug, -2,00, nötig
ist Sc4} 15. Rad1 Bg7 16. Bh6 Rc8 {etwas besser ist noch Dc7, Stockfish
-2,30} 17. Bxg7 Kxg7 18. Qd4+ Kg8 19. Qh4 {klar zu bevorzugen ist Se5,
Stockfish +1,50} e6 20. Qh6? {ein schwacher Zug, der den Vorteil von Weiss
mehr als halbiert, Stockfish +0,60, nötig ist Dg3} Rf5? {ganz schwach,
nötig ist Df6, was Fidelity Designer im letzten Moment verwirft wegen einer
minimalen Bewertungsdifferenz, nach dem Textzug ist die Partie lt.
Stockfish bereits wieder verloren, -1,80} 21. Bd3 Rh5 22. Qf4 Nc4 {besser
ist noch Dc7, Stockfish -2,50} 23. Bxc4 Rxc4 24. Rd4 Rc7? {danach ist die
Partie bereits klar verloren, Stockfish -3,50, deutlich besser ist noch
Tf5} 25. Re1 {besser ist g4, Stockfish +2,70} Rf5 26. Qe3 Qf8 27. Rg4 b6
28. Nd4 Rf6 29. Rg5 {etwas besser ist Tg3, Stockfish +2,20} Rc8 30. Re5 Re8
31. f3 b5 {etwas besser ist noch a5, Stockfish -2,50} 32. Nb3 Rf5? {völlig
unverständlich, warum nicht a6, ist der A-Bauer gar nichts wert ?,
Stockfish -3,50} 33. Qxa7 Rxe5 34. Rxe5 Qd6 35. Qe3 b4 36. cxb4 Qxb4 37.
Nc5 Bc8 38. Rxd5 Qxb2 {das ist bereits ganz klar verloren für Schwarz,
Stockfish -4,50} 39. Rd2 {besser ist a4, aber auch das ändert nichts an der
klaren Gewinnstellung von Weiss, Stockfish +4,00} Qb6 40. Qe5 Rd8?
{deutlich besser ist noch Db1+, rettet aber auch nichts mehr, Stockfish
-5,50} 41. Rb2? {ein schlechter Zug, der etwa 1,5 Bauerneinheiten einbüsst,
dennoch steht Weiss klar auf Gewinn, aber natürlich kann jeder Abtausch nur
Weiss helfen, selbstverständlich Txd8+ !, Stockfish +4,00} Qd6 42. Qxd6
Rxd6 43. Rb8 Rc6 44. Nxe6 Rc4 45. a4 Kf7 46. Ng5+ Kg7 47. a5 Rc1+ 48. Kh2
Rc2 49. Kg3 h6 50. Ne4 Ba6 51. Rd8 {besser ist Tb6} Ra2 52. Rd5 Bc4 53.
Rd7+ Kf8 54. Rd4 Bf7 55. Rd8+ Ke7 56. Ra8 Bc4 57. Ra7+ Kd8? {die falsche
Richtung, natürlich Kf8 !, Stockfish -6,00} 58. h4 {besser ist Tg7, aber
hier schon egal, Stockfish +5,40} Bf1 59. Nf2 Bb5 60. Ng4 h5 61. Ne5 Bf1
62. Kf4 Rxg2 63. Rg7 Ra2 64. Rxg6 Bb5 65. Rg5 {besser ist Th6, aber hier
schon egal, Stockfish +5,00} Be8 66. Kg3 Ra4 67. Nd3 Ra3 68. Nf4 Bc6 69.
Ne6+ Ke7 70. Nd4 Be8 71. Re5+ Kd8 72. Nc2 Rc3 73. Ne3 Ra3 74. Kf4 Rc3 75.
Kg5 Rc7? {deutlich besser ist noch Tc1, rettet aber auch nichts mehr,
Stockfish -7,00} 76. Nf5? {weit schwächer als f4, aber alles egal,
Stockfish +5,50} Rc3 77. f4 Rc6 78. Ne3 {klar zu bevorzugen ist Se7} Rg6+
79. Kxh5 Bf7 80. Nf5 Rg3+ 81. Kh6 Rg6+ 82. Kh7 Rg4 83. a6 Bg6+ 84. Kh6 Bxf5
85. Rxf5 Kc7 86. h5 {Rest geschenkt} 1-0
[/pgn]
[pgn]

[Event "Turnier 40 / 120"]
[Site "Wien"]
[Date "2024.10.01"]
[Round "15"]
[White "Fidelity Designer 2325"]
[Black "Mephisto Berlin 68000"]
[Result "1-0"]
[BlackElo "2128"]
[WhiteElo "2114"]

{Analyse: ----> Stockfish 16} 1. d4 d5 2. c4 c6 3. Nf3 Nf6 4. Nc3 dxc4 5.
a4 Bg4 6. Ne5 Bh5 7. g3 e6 8. Bg2 Bb4 9. Nxc4 {Buchende} Nd5 10. Qd3
{Buchbewertung Fidelity Designer 2325: +0,29} Be7 11. O-O Nb4 12. Qd2 N8a6
{Buchende} 13. b3 O-O {Buchbewertung Mephisto Berlin 68000: -0,30 / lt.
Stockfish steht Weiss etwas besser mit ca. +0,50} 14. Bb2 Qc7 15. e4 {die
Stellung ist im Lot, Stockfish 0,00} Rad8 16. Na2 Nxa2 17. Rxa2 e5 18. d5
f6 19. Rc1 Bb4? {die falsche Figur, klar zu bevorzugen ist Sb4 mit
Ausgleich, Stockfish -0,80} 20. Bc3 Bxc3? {ein schwacher Zug, danach ist
Weiss bereits klar im Vorteil, Stockfish -1,50, deutlich besser ist De7}
21. Qxc3 cxd5 22. exd5 Qc5? {deutlich besser ist Dd7, nach dem Textzug ist
die Partie lt. Stockfish praktisch schon verloren, -2,30} 23. d6 b6 24. Rd2
Bf7 25. Rdd1 {deutlich schwächer als Lf1, Stockfish +1,50} Qb4 {besser ist
Kh8 ! Stockfish -2,00} 26. Bc6?? {ein grottenschlechter Zug, der nahezu den
gesamten Vorteil verspielt, nötig ist Dxb4, Stockfish +0,30} Qxc3 27. Rxc3
Nb4 {besser ist Sc5, Stockfish -0,80} 28. Be4 {besser ist Lg2, Stockfish
+0,40} Be6 29. a5 {besser ist f4, nach dem Textzug ist die Stellung bereits
im Lot} Na2? {ein schlechter Zug, danach ist Weiss wieder im Vorteil,
Stockfish -1,40, zum Ausgleich führt b5 !} 30. Re3 b5 31. Na3 a6 {besser
ist Sc3, Stockfish -1,80} 32. Nc2 b4 33. Rd2 Rb8? {lt. Stockfish bereits
ein klarer Verlustzug, deutlich besser ist Tf7, Stockfish -2,70} 34. d7
Rfd8 35. Bc6 Kf7? {klar zu bevorzugen ist noch Sc3, spätestens danach ist
die Partie bereits klar verloren, Stockfish -4,00} 36. f4 Nc1 37. Na1
{etwas besser ist La4, Weiss steht aber weiter klar auf Gewinn, Stockfish
+3,70} exf4 38. gxf4 Bf5 39. Bd5+ {besser ist Td5, Stockfish +3,20} Kf8 40.
Be6 {deutlich schwächer als Lc6, hier aber natürlich KEIN Fragezeichen,
denn das wäre eine Stellungswiederholung und ist daher nicht machbar für
Fidelity Designer 2325, dennoch bleibt Weiss klar im Vorteil, Stockfish
+2,40} Rb5? {ganz schlecht, danach ist wieder alles aus, Stockfish -4,50,
nötig ist Lxe6} 41. Bxf5 Rxf5 42. Nc2! {richtig, nach dem verlockend
aussehenden Zug Tc2 hätte Weiss den Springer bekommen, die Stellung wäre
dann aber Remis gewesen, Mephisto Berlin 68000 hatte diesen groben Fehler
vorgeschlagen.} Kf7 43. Nxb4 Rc5 44. f5 Rc7 45. Nxa6 Rcxd7 46. Rxd7+ Rxd7
47. b4 Rd2 48. Re4? {ein schlechter Zug, der etwa 1,5 Bauerneinheiten
einbüsst, nötig ist Sc7, dennoch steht Weiss klar auf Gewinn, Stockfish
+3,80} Rd5? {deutlich schwächer als Se2+, Stockfish -5,00} 49. Nc7 Rxf5
{etwas besser ist noch Td1+, rettet aber auch nichts mehr, Stockfish -6,00}
50. a6 Rg5+ 51. Kf1 Rf5+ 52. Ke1 Nd3+ 53. Kd2 Nxb4 54. a7 Ra5 55. a8=Q Rxa8
56. Nxa8 Nd5 57. Ra4 {naja der ganze Turm gewinnt natürlich gegen 2 Bauern,
Rest geschenkt} f5 58. Ra7+ Kf6 59. Nc7 Nxc7 60. Rxc7 {die letzte Figur
wurde getauscht danach gewinnt natürlich der Turm gegen die 2 Bauern, Rest
geschenkt / Stockfish Matt in 27} 1-0
[/pgn]
[pgn]

[Event "Turnier 40 / 120"]
[Site "Wien"]
[Date "2024.10.02"]
[Round "16"]
[White "Mephisto Berlin 68000"]
[Black "Fidelity Designer 2325"]
[Result "1/2-1/2"]
[BlackElo "2114"]
[WhiteElo "2128"]

{Analyse: -----> Stockfish 16} 1. d4 Nf6 2. c4 c5 3. d5 e6 4. Nc3 exd5 5.
cxd5 d6 6. e4 g6 7. Nf3 Bg7 8. Be2 O-O 9. O-O a6 10. a4 {Buchende} Nbd7 11.
Bg5 {Buchbewertung Mephisto Berlin 68000: +0,45} h6 12. Bh4 {deutlich
beseer ist Lf4, dennoch hat Fidelity Designer 2325 diesen Zug noch im
Buch.} Re8 {ein schwache Variante, hier ist Db6 klar zu bevorzugen} 13. Nd2
Qc7 {Buchende / also bei einem Buchzug mache ich KEIN Fragezeichen, denn
dafür kann ja das Programm nichts, das muss man allerdings bereits als
klaren BUCHFEHLER bezeichnen, danach ist die Partie lt. Stockfish bereits
verloren, -2,00, nötig ist hier Tb8 mit ca. -1,00 (büsst eine weitere
Bauerneinheit ein ebenso wie zuvor Te8 !)} 14. f4! {richtig und damit ist
die Stellung lt. Stockfish bereits gewonnen, +2,00, bei einem Oldie muss
aber natürlich noch abwarten, ob das eine klare Gewinnstellung ist Mephisto
Berlin 68000 sieht sich mit nur +0,42 im Vorteil.} b6 {Buchbewertung
Fidelity Designer 2325: +0,43 / ein Oldie ist eben kein Stockfish, Fidelity
Designer 2325 sieht sich in dieser verlorenen Stellung gar noch etwas im
Vorteil, aber trotzdem, abwarten !, Stockfish -2,00} 15. Qb3? {ein
schwacher Zug, der den Vorteil von Weiss deutlich reduziert, Stockfish
+1,20, deutlich besser ist hier Kh1 !, na gut das muss man aber auch mal
auf der Rechnung haben, welcher Spieler würde in diesem Zug einen Sinn
sehen, hm ?} Bb7 {ein schwacher Zug, klar zu bevorzugen ist das Bauernopfer
c4 !, um das Feld c5 für den Springer frei zu machen, gut aber das kann man
von einem Oldie wohl nicht verlangen, daher hier KEIN Fragezeichen,
Stockfish -1,80} 16. Qc4? {ein schwacher Zug, der den Vorteil von Weiss
etwa halbiert, Stockfish +0,90, deutlich besser ist Lf3 !} Rac8? {ein
schlechter Zug, der den Nachteil von Schwarz gleich wieder verdoppelt,
-1,80, nötig ist Tab8, aber es wird wohl nicht der letzte Fehler gewesen
sein, die beiden Oldies sehen hier die Stellung etwa gleich.} 17. Rab1?
{verpielt gleich wieder gut die Hälfte des Vorteiles, Stockfish +1,00,
deutlich besser ist Kh1 ! aber gut wer würde darin einen Sinn sehen, ist
schon nicht so leicht.} Qb8 {deutlich besser ist b5, aber natürlich dieses
Bauernopfer ist eine Nummer zu gross, Stockfish -1,80} 18. b3 {deutlich
besser ist Tbd1, Stockfish +1,20} Qc7 19. Rbc1? {ein schwacher Zug, der den
Vorteil von Weiss etwa halbiert, Stockfish +0,60, deutlich besser ist Dd3}
Re7? {ganz schlecht, danach ist Weiss wieder klar im Vorteil, Stockfish
-1,70, nötig ist g5} 20. Rf3? {diese Stellung ist einfach undurchschaubar
für beide Geräte, praktisch jeder Zug ist hier ein Fehler, verschenkt den
gesamten Vorteil, danach ist die Stellung bereits im Lot, nötig ist wieder
Dd3} Ree8? {wieder wird das Nötige g5 verschmäht, nach dem Textzug ist
Weiss wieder im Vorteil, Stockfish -1,00} 21. Rh3? {das bringt gar nichts,
danach ist die Stellung wieder im Lot, nötig ist Tf2} Ra8 22. Rf1 Rab8 23.
Rb1 Rbc8 24. Re1 g5 {etwas besser ist Tb8, Stockfish -0,50} 25. Bg3 gxf4
26. Bxf4 Ne5 27. Bxe5 Rxe5 28. Rf1 {etwas besser ist Sf3, Stockfish +0,20}
Rce8 29. Rg3 {besser ist Thf3, die Stellung ist im Lot} Kh8? {ein schwacher
Zug, danach ist Weiss im Vorteil, Stockfish -0,90, deutlich besser ist Tg5
mit Ausgleich} 30. Rgf3? {auch nicht das Gelbe vom Ei, danach ist Weiss nur
noch hauchdünn im Vorteil mit ca. +0,20, nötig ist Dd3} Qe7 31. Qd3 Rg5 32.
Kh1 Rg6 33. Rf4 Rg8?? {lt. Stockfish bereits ein Verlustzug, -1,80, nötig
ist h5 mit Ausgleich} 34. Nc4 Qc7 35. Qf3 Qd8? {deutlich besser ist noch
Tf8, nach dem Textzug ist die Partie bereits klar verloren, Stockfish
-3,40} 36. Ne3?? {so aber nicht, verspielt den Grossteil des Vorteiles,
Stockfish +0,80, gewonnen hätte hier e5 !} Nd7 37. Ncd1 {besser ist Sf5,
Stockfish +0,30} Bd4 38. Ng4 {besser ist Dh3, nach dem Textzug ist die
Stellung im Lot} Bc8 39. h3?? {lt. Stockfish bereits ein Verlustzug, -2,30,
nötig ist entweder Sde3 oder g3 beides mit Ausgleich} Ne5?? {so aber nicht,
verspielt postwendend den Grossteil des Vorteiles, Stockfish +0,60, nötig
ist T8g7 !} 40. Nxe5 Bxe5 41. Rxf7 Rxg2 {besser ist Dh4, nach dem Textzug
ist die Stellung im Lot} 42. Qxg2 Rxg2 43. Kxg2??? {ein absoluter
Verlustzug, danach ist die Partie klar verloren, Stockfish -4,50, natürlich
Tf8+ mit Ausgleich} Qg8+ {besser ist Dg5+, Stockfish +4,00} 44. Kh1 Qg3 45.
Rf8+ Kh7 46. R8f7+ {deutlich besser ist noch T1f7+, Stockfish -5,00} Kg6
47. Rg1 Qxg1+ 48. Kxg1 Kxf7 49. Nf2 Bd4 50. Kg2 {mehr Widerstand leistet
noch h4, Stockfish -6,50} b5??? {ein absoluter Katastrophenzug, der einfach
ALLES verschenkt, danach ist die Partie Remis, Stockfish 0,00, gewonnen
hättte natürlich Lxf2} 51. axb5 axb5 52. Ng4! {richtig, nach dem
Zugvorschlag von Fidelity Designer 2325 52. Lxb5 ?? wäre die Partie wieder
verloren gewesen.} Bxg4 53. hxg4 b4 {da geht nichts mehr, Userentscheid
Remis} 1/2-1/2
[/pgn]
[pgn]

[Event "Turnier 40 / 120"]
[Site "Wien"]
[Date "2024.10.03"]
[Round "17"]
[White "Fidelity Designer 2325"]
[Black "Mephisto Berlin 68000"]
[Result "1/2-1/2"]
[BlackElo "2128"]
[WhiteElo "2114"]

{Analyse: ----> Stockfish 16} 1. d4 Nf6 2. c4 e6 3. Nc3 Bb4 4. e3 O-O 5.
Nf3 d5 6. a3 {Buchende} Bxc3+ 7. bxc3 c5 8. Bd3 Nc6 9. O-O dxc4 10. Bxc4
Qc7 11. Ba2 {Fidelity Designer 2325 wieder im Buch} e5 12. h3 e4 13. Nh2
Bf5 14. Ng4 Nxg4 15. hxg4 Bg6 16. a4 Rfd8 17. Qe2 b6 18. Ba3 {Buchende} Na5 {Buchende}
19. f4 {Buchbewertung Fidelity Designer 2325: +0,25} exf3 {Buchbewertung
Mephisto Berlin 68000: -0,09 / lt. Stockfish ist die Stellung etwa gleich.}
20. Qxf3 Qb7 {besser ist Tac8, Stockfish -0,80} 21. dxc5 Rd3? {ein
schlechter Zug, danach ist Weiss bereits klar im Vorteil, Stockfish -1,50,
nötig ist Dxf3 !} 22. cxb6 axb6 23. Bb4? {ein schlechter Zug, der den
Grossteil des Vorteiles verspielt, deutlich besser ist Dxb7, Stockfish
+0,30} Re8? {ein schlechter Zug, danach ist Weiss wieder klar im Vorteil,
Stockfish -1,50, nötig ist Dxf3 !} 24. Rae1? {verpasst neuerlich das klar
zu bevorzugende Dxb7 und verspielt den gesamten Vorteil, danach ist die
Stellung im Lot !} Qxf3 25. Rxf3 Nc6 26. Bc4 Rd2 27. Rf4 h6 28. Bb5 Re6 29.
g3 Ne5 30. Re2 Rd1+ 31. Kg2 Nd3 32. Rf1 Be4+ 33. Kg1 Rxf1+ 34. Kxf1 Rf6+
35. Kg1 Ne5 36. Rf2 Rxf2 37. Kxf2 Nxg4+ 38. Ke2 Nf6?? {lt. Stockfish
bereits ein Verlustzug, -2,40, nötig ist h5 mit Ausgleich.} 39. c4 Bf5?
{nicht optimal, da gibt es eine Menge bessere Züge, La8, Sg4, g5,..,
Stockfish -3,00} 40. Bd6 {etwas besser ist Le7, dennoch bleibt Weiss klar
im Vorteil, Stochfish +2,70} Kh7? {deutlich besser ist noch g5, Stockfish
-3,60, der König sollte sich nicht noch weiter vom Damenflügel entfernen,
wo Weiss die Bauernübermacht hat.} 41. c5??? {ein Katastrophenzug,
Fideltity Designer 2325 verwirft im allerletzten Moment den Gewinnzug Lc7,
wegen einer Bewertungsdifferenz von +0,01, das ist wirklich Pech, der
Textzug büsst in etwa 3 Bauerneinheiten ein, danach ist ein Sieg in weiter
Ferne, Stockfish +0,50} Ne4 42. Bd3 {etwas besser ist Lc6 oder Kf3, nach
dem Textzug ist das Remis bereits besiegelt, Stockfish 0,00} bxc5 43. Bxe4
Bxe4 44. Bxc5 Kg6 45. Kd2 Kg5 46. Bf8 g6 47. a5 h5 48. a6 Kg4 49. Bd6 g5
50. Kc3 h4 51. gxh4 gxh4 52. Kd4 f5 53. a7 h3 54. Bh2 Kf3 55. Bf4 Kg2 56.
Ke5 h2 57. Bxh2 Kxh2 58. a8=Q Bxa8 59. Kxf5 1/2-1/2
[/pgn]
[pgn]

[Event "Turnier 40 / 120"]
[Site "Wien"]
[Date "2024.10.03"]
[Round "18"]
[White "Mephisto Berlin 68000"]
[Black "Fidelity Designer 2325"]
[Result "0-1"]
[BlackElo "2114"]
[WhiteElo "2128"]

{Analyse: -----> Stockfish 16} 1. Nf3 g6 {Buchende} 2. e4 Bg7 3. d4 d6
{Buchzug / Buchende} 4. c3 {Buchende} d5 {Buchbewertung Fidelity Designer
2325: -0,30 / ein schwacher erster berechneter Zug, deutlich zu bevorzugen
ist Sf6, Stockfish -0,90} 5. e5 {Buchbewertung Mephisto Berlin 68000: +0,90
/ etwas besser ist exd5, Stockfish +0,70} Nh6 {besser ist f6, Stockfish
-1,00} 6. Bd3 O-O 7. O-O Bg4 {besser ist f6, Stockfish -1,20} 8. h3 {besser
ist Sbd2, Stockfish +0,90} Bc8?? {lt. Stockfish bereits ein
Verlustzug,-2,00, nötig ist Lxf3} 9. Bg5? {weit schwächer als Lf4, halbiert
in etwa den Vorteil von Weiss, Stockfish +1,00} f6 10. exf6 exf6 11. Bf4
Re8? {ein schlechter Zug, danach ist die Partie lt. Stockfish praktisch
schon verloren, -1,90, nötig ist Sc6} 12. Re1? {deutlich schwächer als c4,
Stockfish +1,20} Rxe1+ 13. Nxe1? {eindeutig die falsche Schlagoption,
Stockfish +0,80} b6? {ganz schlecht, danach ist Weiss wieder klar im
Vorteil, Stockfish -1,70, nötig ist c6} 14. Nd2? {deutlich schwächer als
c4, Stockfish +1,00} Nf7 15. Qe2 Ng5?? {lt. Stockfish bereits ein
Verlustzug, -2,00, nötig ist Sd7} 16. Nef3? {deutlich schwächer als Lxg5,
Stockfish +1,30} Ne6 17. Bg3 f5?? {Fidelity Designer 2325 verwirft nach
langer Bedenkzeit im allerletzten Moment den richtigen Zug Sc6 wegen einer
Bewertungsdifferenz von +0,02 (Sc6 bewertet er mit -0,10, den Textzug mit
-0,08), eine fatale Fehlentscheidung, nach dem Textzug ist die Partie
bereits klar verloren, Stockfish -2,50} 18. Re1 c5?? {spätestens danach ist
alles aus, Stockfish -4,50, nötig ist Lf6} 19. Bh4? {ein schwacher Zug, der
etwa 1 Bauerneinheit einbüsst, dennoch steht Weiss klar auf Gewinn,
Stockfish +3,50, deutlich stärker ist dxc5} Qf8 20. Ng5 Nxg5 21. Bxg5 {die
beiden Geräte haben noch keine Ahnung von der klaren Gewinnstellung für
Weiss und schätzen die Stellung etwa gleich ein, Stockfish +4,00} cxd4
{etwas besser ist noch h6, Stockfish -4,50} 22. cxd4?? {ein ganz schlechter
Zug, der den Vorteil von Weiss mehr als halbiert, Stockfish +2,00, nötig
ist Df3} Bxd4??? {ein absoluter Verlustzug, Stockfish -5,50, nötig ist Sc6}
23. Bc4 Bb7 24. Qe6+?? {ein ganz schlechter Zug, der den Vorteil von Weiss
etwa halbiert, Stockfish +2,70, nötig ist Df3, danach hätte Weiss eine
ganze Figur nämlich den Läufer b7 erobert.} Qf7 25. Qxf7+ Kxf7 26. Re7+ Kf8
27. Rxb7?? {ein grottenschlechter Zug, der nahezu den gesamten Vorteil
verspielt, danach ist ein Sieg in weiter Ferne, Stockfish +0,50, nötig ist
Lb3 !} dxc4 28. Nxc4 Kg8 29. Rc7 Na6 30. Rd7 Bg7 31. Be3 Nb4 32. a4 Nc6 33.
Rc7 Nb4 34. b3 {die Stellung ist im Lot, Stockfish 0,00} Na6 {besser ist,
entweder f4 oder Sd5 mit Ausgleich, Stockfish -0,40} 35. Rd7 {besser ist
Tb7, die Stellung ist im Lot, Stockfish 0,00} Nc5 {besser ist f4 mit
Ausgleich, Stockfish -0,70} 36. Bxc5 bxc5 37. Na5 {besser ist a5, nach dem
Textzug ist die Stellung im Lot} a6 {etwas besser ist Te8, Stockfish -0,40}
38. Nb7 Bf8? {ein schlechter Zug, danach ist Weiss im Vorteil, Stockfish
-1,20, nötig ist Tc8} 39. f4? {so aber nicht, danach ist die Stellung
wieder im Lot, Stockfish 0,00, nötig ist Tc7} Rc8 40. Na5 Re8 41. Ra7 Re6
42. Nc4 h6 {besser ist Te1+ nebst Tb1 mit Ausgleich, Stockfish -0,50} 43.
Ra8 g5 44. Kf2 Kf7 45. g4 {besser ist Ta7+, Stockfish +0,10} fxg4 46. f5
Re8 47. Ra7+ Re7 48. Ne5+ Kg8 49. Rxe7 g3+ 50. Kxg3 Bxe7 51. Kg4 Kg7 52.
Kf3 Bd6 53. Nd7 Kf7 54. Ke4 Ke7 55. Nb6 Bg3 56. Nd5+ Kf7 57. Kf3 Be5 58.
Kg4 Kg7 59. Nb6 Bd6 60. Nd7 Kf7 61. Kf3 h5 62. Nb6 Kf6 63. Ke4 g4 64. hxg4
hxg4 65. Nd5+ Kg5 66. Ne3 g3 67. Kf3 Be5 68. Kg2??? {ein absoluter
Verlustzug, danach ist die Partie sofort verloren, Stockfish -7,00, Ke4
hätte das Remis gesichert.} Kf4 69. Nf1 Kxf5 70. Nd2 Bf4 71. Nc4 Ke4 72.
Nb6 Bd6 73. Nd7 Kd3 74. Nf6 a5 75. Kf3 Kc2 76. Ne4 Bf8 {Stockfish Matt in
24} 77. Nxg3 Kxb3 78. Ke4 Kxa4 79. Ne2 Kb3 80. Nc1+ Kc2 81. Nd3 a4 82. Ne1+
Kb1 83. Kd3 a3 84. Nc2 c4+ 85. Kd2 {Mephisto Berlin 68000: -12,8 --->
aufgegeben / Matt in 13} 0-1
[/pgn]
[pgn]